Statistics for Random country questions #2

Click here to take the quiz!

General Stats

  • This quiz has been taken 43 times
  • The average score is 10 of 15

Answer Stats

HintAnswer% Correct
How many countries border Angola?4
95%
What continent is Seychelles in?Africa
93%
What is the official name of the United Kingdom flag?Union jack
93%
What is the 3rd most populated country?USA
93%
What country has the most time zones?France
85%
Canada and Germany both border what country?Denmark
78%
What is the capital of the UAE?Abu Dhabi
75%
Boise is the capital of what US state?Idaho
75%
What is the capital of Florida?Tallahassee
75%
What is the least populated US state?Wyoming
75%
Astana is the Capital of what country?Kazakhstan
40%
What country invented chocolate?Mexico
40%
What country owns the Bouvet islands?Norway
33%
What is the only country flag without red white or blueJamaica
30%
When did Vatican city get independence?1929
15%

Score Distribution

Percentile by Number Answered

Percent of People with Each Score

Your Score History

You have not taken this quiz